La laguna de Navío Quebrado : (Registro nro. 3106)

Detalles MARC
000 -CABECERA
Campo de control 01182nam a2200265 a 4500
005 - FECHA Y HORA DE LA ULTIMA TRANSACCION
Campo de control 20151221102920.0
008 - ELEMENTOS DE LONGITUD FIJA—INFORMACION GENERAL
Campo de control 090730s2001 ck bo gr 00010 spa d
040 ## - FUENTE DE CATALOGACIÓN
Agencia catalogadora original CO-BoBLA
Agencia transcriptora CO-BoBLA
Agencia Modificadora CO-BoIAVH
041 ## - IDIOMA
Código de idioma para texto/pista de sonido o título separado Español
044 ## - PAÍS DE PUBLICACIÓN
País de publicación Colombia
082 04 - NUMERO DE CLASIFICACION DECIMAL DEWEY
Número de clasificación 578.778
Número del ítem L14l
245 13 - MENCION DE TITULO
Título La laguna de Navío Quebrado :
Parte restante del título el ambiente y su gente /
Mención de responsabilidad Textos Ana Lucía Trujillo Cárdenas ; investigadores Proyecto Prolagunas Stefano Negri ...[et al.] ; fotografías Jaime Díaz, Alessandro Dessi, Augusto Ragazzoni.
260 3# - PUBLICACION, DISTRIBUCION, ETC. (PIE DE IMPRENTA)
Lugar de publicación, distribución, etc. Bogotá :
Nombre del editor, distribuidor, etc. Universidad de Bogotá Jorge Tadeo Lozano,
Fecha de publicación, distribución, etc. 2001.
300 ## - DESCRIPCION FISICA
Extensión 15 páginas :
Otros detalles físicos mapas, fotografías. ;
Dimensiones 28 x 22 cm.
650 16 - ASIENTO SECUNDARIO DE MATERIA - TERMINO TEMATICO
Término temático o nombre geográfico como elemento de entrada Lagunas
Subdivisión general Medio ambiente
Subdivisión geográfica La Guajira (Colombia)
650 #6 - ASIENTO SECUNDARIO DE MATERIA - TERMINO TEMATICO
Término temático o nombre geográfico como elemento de entrada Ecosistemas lacustres.
650 #4 - ASIENTO SECUNDARIO DE MATERIA - TERMINO TEMATICO
Término temático o nombre geográfico como elemento de entrada Ecología de lagunas.
651 #6 - ASIENTO SECUNDARIO DE MATERIA - NOMBRE GEOGRAFICO
Nombre geográfico Navío Quebrado (Laguna, La Guajira, Colombia)
Subdivisión general Aspectos ambientales.
700 1# - ASIENTO SECUNDARIO - NOMBRE PERSONAL
Nombre personal Trujillo Cárdenas, Ana Lucía
700 1# - ASIENTO SECUNDARIO - NOMBRE PERSONAL
Nombre personal Negri, Stefano.
700 1# - ASIENTO SECUNDARIO - NOMBRE PERSONAL
Nombre personal Díaz, Jaime,
Término de relación fotografía
700 1# - ASIENTO SECUNDARIO - NOMBRE PERSONAL
Nombre personal Dessi, Alessandro,
Término de relación fotografía
700 1# - ASIENTO SECUNDARIO - NOMBRE PERSONAL
Nombre personal Ragazzoni, Augusto,
Término de relación fotografía
942 ## - ELEMENTOS ADICIONALES (KOHA)
Sistema de clasificación Dewey Decimal Classification
Tipo de ítem Libro
Existencias
Withdrawn status Lost status Sistema de Clasificación Damaged status No para préstamo Colección Inventariado Ubicación Permanente Ubicación actual Fecha de adquisición Fuente de Valor Valor Total Checkouts Número topográfico Inventario / Código de Barras Date last seen Ejemplar Price effective from Forma de adquisición Tipo de material
    Local     Hemeroteca Inventariado 2017 Bogotá Bogotá 07/03/2003 Instituto 39000.00   FG-0447 003462 04/12/2012 Ej. 1 04/12/2012 Donación Folleto
    Local     Hemeroteca   Bogotá Bogotá 31/01/2020       FG-0447 044058 31/01/2020 Ej. 2 31/01/2020 Donación Folleto